00429 2200169 4500001002100000008004100021035002000062245004100082100001100123260003300134300001200167020001800179084001400197082000800211990001900219990002100238INLIS000000000002752 Ind  a0010-0724002752 aMengenal Dunia TransportasicAniasah aAnisah aSurabayabPenerbit SICc2008 a28 hlm. a979-9910-33-1 a380 ANI a a380 aP29/CP/24/2752 aP29/CP/24/2752.1